• 首页
  • 本馆介绍
  • 公告通知
  • 最新文献
  • 馆藏检索
  • 电子资源
  • 读者导购
  • 参考咨询
  • 我的图书馆
  • 登录
  • 详细信息显示
  • 放入我的书架
  • 预约/预借图书
  • 作者相关作品
  • 分类相关作品
  • 丛书相关作品
  • 出版社相关作品

书目信息

  • 表格格式
  • 工作单格式
  • 卡片格式
题名:
微视频全图讲解PLC及变频技术
    
 
作者: 韩雪涛 主编
分册:  
出版信息: 北京   电子工业出版社  2018.03
页数: 240页
开本: 26cm
丛书名:
单 册:
中图分类: TM571.61-64 , TN773-64
科图分类:
主题词: PLC技术--图解 , 变频技术--图解
电子资源:
ISBN: 978-7-121-33505-1
000 00965nam0 2200265 450
001 3591
005 20181008093028.65
010    @a978-7-121-33505-1@dCNY69.80
100    @a20180513d2018 em y0chiy50 ea
101 0  @achi
102    @aCN@b110000
105    @aa z 000yy
200 1  @a微视频全图讲解PLC及变频技术@9wei shi pin quan tu jiang jie PLC ji bian pin ji shu@f韩雪涛主编
210    @a北京@c电子工业出版社@d2018.03
215    @a240页@d26cm
300    @a微视频全图讲解系列
304    @a数码维修工程师鉴定指导中心组织编写
330    @a本书采用“全彩”+“全图”+“微视频”的全新讲解方式,全面地介绍PLC变频技术专业知识和应用技能,打破传统纸质图书的学习模式,将网络技术与多媒体技术引入纸质载体,开创“微视频”互动学习的全新体验。
606 0  @aPLC技术@j图解
606 0  @a变频技术@j图解
690    @aTM571.61-64@v5
690    @aTN773-64@v5
701  0 @a韩雪涛@9han xue tao@4主编
801  0 @aCN@b91MARC@c20180513
905    @aMuseLib@dTM571.61-64@e53
    
    微视频全图讲解PLC及变频技术/韩雪涛主编.-北京:电子工业出版社,2018.03
    240页;26cm
    微视频全图讲解系列
    
    ISBN 978-7-121-33505-1:CNY69.80
    本书采用“全彩”+“全图”+“微视频”的全新讲解方式,全面地介绍PLC变频技术专业知识和应用技能,打破传统纸质图书的学习模式,将网络技术与多媒体技术引入纸质载体,开创“微视频”互动学习的全新体验。
●
相关链接 在E读中查询图书 在五车中查询图书 在当当中查询图书 在豆瓣中查询图书


正题名:微视频全图讲解PLC及变频技术     索取号:TM571.61-64/53         预约/预借

序号 登录号 条形码 馆藏地/架位号 状态 备注
1 1122757   211227572   第二样本阅览室/ [索取号:TM571.61-64/53] 在馆    
2 1122758   211227581   第三借阅区/ [索取号:TM571.61-64/53] 在馆    
3 1122759   211227590   第三借阅区/ [索取号:TM571.61-64/53] 在馆    
4 1122760   211227607   第三借阅区/ [索取号:TM571.61-64/53] 在馆    
5 1122761   211227616   第三借阅区/ [索取号:TM571.61-64/53] 在馆    
唐山师范学院图书馆 欢迎您!
大连网信软件有限公司© 版权所有